000 00849nam a2200253 i 4500
001 000030966
003 DO-SdBNP
005 20241118133727.0
007 ta
008 110608s1968 dr 000 | spa d
040 _aDO-SdBNP
_bspa
_cBNPHU
_erda
082 _axxx
_bR593i
_222
100 1 _aRippy, J. Fred
_eautor
_957478
245 1 3 _aLa iniciación de la receptoría de las aduanas en la República Dominicana /
_cJ. Fred Rippy.
264 _aSanto Domingo :
_bFondo Cultural de la Logia Cuna de América;
_bMontalvo,
_c1968.
300 _a41 páginas ;
_c23 cm.
336 _ardacontent
_btexto
_2txt
337 _ardamedia
_bsin mediación
_2n
338 _ardacarrier
_bvolumen
_2rda
500 _aIncluye referencias bibliográficas y notas al pie de las páginas.
590 _aInventariado, 2020 /LP
910 _aLP
942 _2ddc
_cLBS1
999 _c30458
_d30458